000 00581nam a22002177a 4500
003 LK-CoDNM
005 20241007145029.0
008 241007b |||||||| |||| 00| 0 eng d
040 _aLK-CoDNM
_dLK-CoDNM
_eLK-CoDNM
041 _asin
080 _a105
_bA23
100 _aUnknown
245 _aසෙත් පිරිත්
260 _aඇම්මු.ඩී.ගුණසේන මුද්‍රණාලය
_c1999
300 _a23p ; 24cm
650 _a105 A23
650 _aSinhala
650 _aසෙත් පිරිත්
650 _a1999
942 _cBK
999 _c218087
_d218087